01565cam a22003014a 450000100090000000300040000900500170001300800410003001000170007102000310008802000280011904000180014705000220016508200120018710000250019924500620022425000120028626000360029830000600033450400630039450505220045765000150097985600830099490600450107794200120112299900150113495201140114915412429OSt20170105101209.0080814s2009 nyuab b 001 0 eng  a 2008036020 a9780073404264 (alk. paper) a0073404268 (alk. paper) aDLCcDLCdDLC00aHM585b.S324 200900a3012221 aSchaefer, Richard T.10aSociology :ba brief introduction /cRichard T. Schaefer. a8th ed. aNew York :bMcGraw-Hill,c2009. axxx, 469 p. :bill. (chiefly col.), col. maps ;c28 cm. aIncludes bibliographical references (p.427-778) and index.0 aUnderstanding sociology -- Sociological research -- Culture -- Socialization and the life course -- Social interaction, groups, and social structure -- The mass media -- Deviance and social control -- Stratification and social mobility in the United States -- Global inequality -- Racial and ethnic inequality -- Stratification by gender -- The family and intimate relationships -- Education and religion -- Government and the economy -- Health, medicine, and the environment -- Social change in the global community. 0aSociology.413Table of contents onlyuhttp://www.loc.gov/catdir/toc/ecip0825/2008036020.html a7bcbccorignewd1eecipf20gy-gencatlg 2ddccBK c3107d3107 00102ddc40708NFICaCLbCLcGENd2016-05-13l1o301 SCHpS3H-S-396r2020-08-25s2018-10-04w2016-05-13yBK